000 00915 a2200277 4500
001 14516
020 _a8516036332
020 _q(broch.)
020 _a9788516074456
041 _apor
082 _a338
100 _aChu, Teddy.
250 _a1. ed.
300 _a47p.
490 _aViramundo
520 _aDo plantio à colheita, da criação de animais à distribuição dos alimentos, este livro mostra que o alimento não cai do céu, custa dinheiro e depende do trabalho de muitas pessoas. E aproveita para passar algumas receitas, mostrando que aprender a cozinhar pode ser divertido.
521 _aYear 4
697 _aEnsino Fundamental
830 _aViramundo
856 _u000025/000025e4.jpg
040 _aBR-BrIDEA
_cBR-BrIDEA
090 _aP Year 4 338
_bCHU
245 1 0 _aDo campo à mesa
_bo caminho dos alimentos
_c Teddy Chu
260 _aSão Paulo
_bModerna
_c2003
942 _cBK
999 _c14516
_d14516